000 00467nam a2200157 i 4500
001 95214
003 ES-MaACL
005 20230906181646.0
007 t|
008 050524s1921 fr ||||1| fre d
100 1 _aLutembacher, René.
_974867
245 1 4 _aLes nouvelles méthodes d'examen du coeur en clinique /
_cRené Lutembacher.
260 _aPoitiers :
_bSociété Française d'Imprimerie,
_c1921.
300 _a186 p. ;
_c22 cm.
852 _aES-MaACL
_jB-11254
999 _c95214
_d95214